[Event "HUN-chT2 Breyer 1314"]
[Site "Hungary"]
[Date "2013.09.08"]
[Round "1"]
[White "Bitto, Zoltan"]
[Black "Fekete, Lajos"]
[Result "0-1"]
[WhiteElo "2026"]
[BlackElo "1873"]
[PlyCount "64"]
[EventDate "2013.09.08"]
[EventType "team-tourn"]
[EventRounds "9"]
[EventCountry "HUN"]
[SourceTitle "EXT 2016"]
[Source "ChessBase"]
[SourceDate "2015.10.08"]
[SourceVersion "1"]
[SourceVersionDate "2015.10.08"]
[SourceQuality "1"]
[WhiteTeam "Zsambek"]
[BlackTeam "Pet"]
[WhiteTeamCountry "HUN"]
[BlackTeamCountry "HUN"]

1. d4 Nf6 2. c4 e6 3. Nc3 d5 4. Nf3 Be7 5. e3 0-0 6. Bd3 Nbd7 7. 0-0 dxc4 8. Bxc4 Nb6 9. Bb3 Nbd5 10. Re1 Bb4 11. Qd3 Ne7 12. a3 Ba5 13. Bc2 c6 14. b4 Bc7 15. e4 Ne8 16. e5 Ng6 17. h4 f5 18. exf6 Nxf6 19. Bg5 Qd6 20. Ne5 Nxe5 21. Rxe5 g6 22. Bxf6 Rxf6 23. Ne4 Qe7 24. Nxf6+ Qxf6 25. Re4 e5 26. Bb3+ Kg7 27. Qe2 Bf5 28. dxe5 Qe7 29. Re3 Qxh4 30. Rd1 Bb6 31. Rg3 Re8 32. Re1 Qxg3 0-1

[Event "HUN-chT2 Breyer 1213"]
[Site "Hungary"]
[Date "2013.03.24"]
[Round "9.4"]
[White "Bitto, Zoltan"]
[Black "Csavajda, Peter"]
[Result "0-1"]
[WhiteElo "2047"]
[BlackElo "1969"]
[PlyCount "80"]
[EventDate "2012.09.16"]
[EventType "team-tourn"]
[EventRounds "11"]
[EventCountry "HUN"]
[SourceTitle "EXT 2014"]
[Source "ChessBase"]
[SourceDate "2013.11.20"]
[SourceVersion "1"]
[SourceVersionDate "2013.11.20"]
[SourceQuality "1"]
[WhiteTeam "Zsambek"]
[BlackTeam "Szechenyi"]
[WhiteTeamCountry "HUN"]
[BlackTeamCountry "HUN"]

1. d4 d5 2. c4 c6 3. Nf3 e6 4. e3 Nf6 5. Nc3 Nbd7 6. a3 a6 7. Bd3 dxc4 8. Bxc4 b5 9. Ba2 c5 10. 0-0 Bb7 11. Re1 Be7 12. Ne2 0-0 13. Nf4 cxd4 14. exd4 Re8 15. Ng5 Nf8 16. Nxf7 Kxf7 17. Rxe6 Nxe6 18. Nxe6 Qc8 19. Nf4+ Kf8 20. Qb3 Bd5 21. Nxd5 Qe6 22. Qe3 Bd6 23. Bd2 Qxd5 24. Bxd5 Rxe3 25. fxe3 Nxd5 26. e4 Nb6 27. b3 Re8 28. Ba5 Nd7 29. e5 Bb8 30. Rc1 Ba7 31. Bb4+ Kg8 32. Bc5 Bxc5 33. dxc5 Rxe5 34. c6 Nb6 35. c7 Nc8 36. b4 Kf7 37. Rc6 Re6 38. Rc3 Ke7 39. Kf2 Kd7 40. h4 Rc6 0-1

[Event "HUN-chT2 Breyer 1213"]
[Site "Hungary"]
[Date "2012.12.02"]
[Round "5.5"]
[White "Szunyogh, Istvan"]
[Black "Bitto, Zoltan"]
[Result "1/2-1/2"]
[WhiteElo "1924"]
[BlackElo "2047"]
[PlyCount "138"]
[EventDate "2012.09.16"]
[EventType "team-tourn"]
[EventRounds "11"]
[EventCountry "HUN"]
[SourceTitle "EXT 2014"]
[Source "ChessBase"]
[SourceDate "2013.11.20"]
[SourceVersion "1"]
[SourceVersionDate "2013.11.20"]
[SourceQuality "1"]
[WhiteTeam "MAV Elore"]
[BlackTeam "Zsambek"]
[WhiteTeamCountry "HUN"]
[BlackTeamCountry "HUN"]

1. c4 Nf6 2. Nf3 e6 3. g3 d5 4. cxd5 exd5 5. Bg2 Bd6 6. d4 0-0 7. 0-0 Re8 8. Nc3 c6 9. Re1 h6 10. b3 Bf5 11. Bb2 Qc8 12. Nd2 Bb4 13. a3 Ba5 14. b4 Bb6 15. Na4 Bc7 16. Rc1 Bh3 17. Nc5 Bxg2 18. Kxg2 Nbd7 19. Qc2 Nxc5 20. dxc5 Ne4 21. f3 Ng5 22. Nf1 Qh3+ 23. Kg1 Re7 24. Bd4 Rae8 25. Bf2 Qh5 26. Qd2 Kf8 27. Rc3 Nh3+ 28. Kg2 Nxf2 29. Kxf2 Be5 30. Re3 d4 31. Rd3 Bf6 32. Qf4 Qd5 33. Kg2 Rxe2+ 34. Rxe2 Rxe2+ 35. Kg1 Qe5 36. Qxe5 Bxe5 37. Nd2 f5 38. Nc4 Bf6 39. Nd6 b6 40. Nxf5 bxc5 41. bxc5 Rc2 42. Nxd4 Bxd4+ 43. Rxd4 Rxc5 44. Ra4 a5 45. h4 Ke7 46. Kf2 Kd6 47. Rd4+ Rd5 48. Ke3 Kc5 49. Rg4 Rd7 50. Re4 Rb7 51. Re5+ Kb6 52. Kd4 Rf7 53. f4 Rd7+ 54. Kc4 Rd1 55. Re7 Rc1+ 56. Kb3 g5 57. fxg5 hxg5 58. hxg5 Rc5 59. g6 Rg5 60. g7 Rxg3+ 61. Kc4 Rg4+ 62. Kd3 Kc5 63. Ke3 Kd6 64. Ra7 Ke6 65. Kf3 Rg1 66. Ke4 Kf6 67. Kd4 Rxg7 68. Rxa5 Rg4+ 69. Ke3 Ke6 1/2-1/2

[Event "HUN-chT2 Breyer 1213"]
[Site "Hungary"]
[Date "2012.11.18"]
[Round "4.4"]
[White "Igler, Szilard"]
[Black "Bitto, Zoltan"]
[Result "1/2-1/2"]
[WhiteElo "1959"]
[BlackElo "2047"]
[PlyCount "115"]
[EventDate "2012.09.16"]
[EventType "team-tourn"]
[EventRounds "11"]
[EventCountry "HUN"]
[SourceTitle "EXT 2014"]
[Source "ChessBase"]
[SourceDate "2013.11.20"]
[SourceVersion "1"]
[SourceVersionDate "2013.11.20"]
[SourceQuality "1"]
[WhiteTeam "Turul"]
[BlackTeam "Zsambek"]
[WhiteTeamCountry "HUN"]
[BlackTeamCountry "HUN"]

1. e4 e6 2. e5 d5 3. exd6 Bxd6 4. d4 Nf6 5. Nf3 0-0 6. Bd3 h6 7. 0-0 b6 8. c3 Nbd7 9. Re1 c5 10. Nbd2 Bb7 11. Ne4 Nxe4 12. Bxe4 Qc7 13. Bd2 Nf6 14. Bxb7 Qxb7 15. Qc1 cxd4 16. Nxd4 Rad8 17. Bf4 Qd5 18. Qe3 e5 19. Bxe5 Rfe8 20. f4 Ng4 21. Qf3 Bxe5 22. fxe5 Nxe5 23. Qxd5 Rxd5 24. Nc6 a5 25. Re2 Nf3+ 26. Kf2 Ne5 27. Rae1 f6 28. Nxe5 fxe5 29. Kf3 Kf7 30. a3 Ke6 31. c4 Rf8+ 32. Kg3 Rd3+ 33. Re3 Rxe3+ 34. Rxe3 Rf4 35. Rc3 a4 36. h4 g5 37. h5 Kf5 38. b4 axb3 39. Rxb3 Rxc4 40. Rxb6 Rc3+ 41. Kf2 Rxa3 42. Rxh6 g4 43. Rh8 g3+ 44. Ke2 Ke4 45. Rd8 Ra2+ 46. Rd2 Ra6 47. Rb2 Kf4 48. Rb4+ e4 49. Rb7 Ra2+ 50. Kf1 Rf2+ 51. Kg1 e3 52. h6 e2 53. Rb1 Ke3 54. h7 Rf8 55. h8Q Rxh8 56. Rb3+ Kd4 57. Rd3+ Kc4 58. Rc3+ 1/2-1/2

[Event "HUN-chT2 Breyer 1112"]
[Site "Hungary"]
[Date "2012.04.22"]
[Round "9.4"]
[White "Bitto, Zoltan"]
[Black "Papista, Akos"]
[Result "0-1"]
[WhiteElo "2017"]
[BlackElo "2161"]
[PlyCount "42"]
[EventDate "2011.09.25"]
[EventType "team-tourn"]
[EventRounds "11"]
[EventCountry "HUN"]
[SourceTitle "EXT 2013"]
[Source "ChessBase"]
[SourceDate "2012.11.22"]
[SourceVersion "1"]
[SourceVersionDate "2012.11.22"]
[SourceQuality "1"]
[WhiteTeam "Zsambek"]
[BlackTeam "Biatorbagy"]
[WhiteTeamCountry "HUN"]
[BlackTeamCountry "HUN"]

1. d4 e6 2. c4 b6 3. Nc3 Bb7 4. e4 Bb4 5. Bd3 f5 6. exf5 Bxg2 7. Qh5+ Kf8 8. Nh3 Nf6 9. Qh4 Bxh1 10. Bg5 exf5 11. 0-0-0 Bf3 12. Re1 Be7 13. Bxf5 Na6 14. Nf4 Rb8 15. Qh3 Bc6 16. Nh5 Ng8 17. Rxe7 Nxe7 18. Nxg7 Kxg7 19. Qh6+ Kg8 20. Be6+ dxe6 21. Qxe6+ Kf8 0-1

[Event "HUN-chT2 Breyer 0910"]
[Site "Hungary"]
[Date "2010.02.14"]
[Round "6"]
[White "Bitto, Zoltan"]
[Black "Lengyel, Sandor"]
[Result "0-1"]
[WhiteElo "1987"]
[BlackElo "1848"]
[PlyCount "70"]
[EventDate "2009.11.08"]
[EventType "team-tourn"]
[EventRounds "11"]
[EventCountry "HUN"]
[SourceTitle "EXT 2011"]
[Source "ChessBase"]
[SourceDate "2010.11.26"]
[SourceVersion "1"]
[SourceVersionDate "2010.11.26"]
[SourceQuality "1"]
[WhiteTeam "Zsambek"]
[BlackTeam "Turul"]
[WhiteTeamCountry "HUN"]
[BlackTeamCountry "HUN"]

1. d4 Nf6 2. c4 g6 3. Nc3 d5 4. cxd5 Nxd5 5. e4 Nxc3 6. bxc3 Bg7 7. Bc4 c5 8. Ne2 0-0 9. 0-0 Qc7 10. Bb3 Rd8 11. Be3 Nc6 12. Qc1 b6 13. dxc5 bxc5 14. Bxc5 Ba6 15. Re1 Ne5 16. Qa3 Nd3 17. Bxe7 Rd7 18. Red1 Qb6 19. Bh4 Bf8 20. Qa4 Bb5 21. Bxf7+ Rxf7 22. Qd4 Bc5 23. Qd5 Bxf2+ 24. Kh1 Bxh4 25. Qxa8+ Kg7 26. Nd4 Nf2+ 27. Kg1 Nxd1 28. Rxd1 Bf2+ 29. Kh1 Bxd4 30. cxd4 Qxd4 31. Re1 Qf2 32. Rg1 Qxa2 33. Qb8 a6 34. h4 Qf2 35. Qd8 Qf6 0-1

[Event "HUN-chT2 Breyer 0708"]
[Site "Hungary"]
[Date "2007.12.09"]
[Round "4"]
[White "Lengyel, Sandor"]
[Black "Bitto, Zoltan"]
[Result "1/2-1/2"]
[WhiteElo "1918"]
[BlackElo "1960"]
[PlyCount "43"]
[EventDate "2007.10.14"]
[EventType "team"]
[EventRounds "11"]
[EventCountry "HUN"]
[SourceTitle "EXT 2009"]
[Source "ChessBase"]
[SourceDate "2008.11.26"]
[SourceVersion "1"]
[SourceVersionDate "2008.11.26"]
[SourceQuality "1"]
[WhiteTeam "Turul"]
[BlackTeam "Zsambek"]
[WhiteTeamCountry "HUN"]
[BlackTeamCountry "HUN"]

1. e4 e6 2. d4 d5 3. Nc3 Bb4 4. e5 c5 5. Bd2 cxd4 6. Nb5 Bc5 7. Qg4 g6 8. Nf3 Nc6 9. Bd3 a6 10. Nbxd4 Bxd4 11. Nxd4 Nxe5 12. Qe2 Nxd3+ 13. cxd3 Ne7 14. 0-0 Nc6 15. Bc3 0-0 16. Rac1 Nxd4 17. Bxd4 Bd7 18. Qe3 Re8 19. Qe5 f6 20. Qxf6 Qxf6 21. Bxf6 Rac8 22. Rfe1 1/2-1/2